| 000 | 00459nam a2200145Ia 4500 | ||
|---|---|---|---|
| 008 | 230917s9999||||xx |||||||||||||| ||und|| | ||
| 040 |
_e5004166 _aMAIN |
||
| 041 | _aEnglish | ||
| 082 | _a373 S61E | ||
| 100 | _aSuman Singh | ||
| 245 | 0 | _aEffect of computer assisted instruction on academic achievement and retention of children with learning disabilities in the acquisition of concepts of English grammar | |
| 260 | _c2017 | ||
| 300 | _a179 p. | ||
| 942 | _cBK | ||
| 999 |
_c9412 _d9412 |
||